Opatrenia proti nedostatku mladých ľudí v slovenskom hotelovom priemysle bakalárska práca

Saved in:
Bibliographic Details
Main Author: Zagorodnyuk, Anastassiya
Corporate Author: Obchodná fakulta EU. Katedra cestovného ruchu
Other Authors: Gáll, Jozef, 1991-
Format: Book
Language:Slovak
Published: Bratislava 2024
Tags: Add Tag
No Tags, Be the first to tag this record!

MARC

LEADER 00000nbm a2200000 4500
001 0302465
005 20250815113412.7
041 0 |a slo 
044 |a SK 
245 1 0 |a Opatrenia proti nedostatku mladých ľudí v slovenskom hotelovom priemysle  |b bakalárska práca  |c Anastassiya Zagorodnyuk ; školiteľ: Jozef Gáll 
264 1 |a Bratislava  |c 2024 
300 |a 42 s. 
100 1 |a Zagorodnyuk, Anastassiya 
700 1 |a Gáll, Jozef, 1991- 
710 2 |a Obchodná fakulta EU. Katedra cestovného ruchu